000 01435namaa22003491i 4500
003 EG-GICUC
005 20260302091105.0
008 260302s1995 ua ||||jr|||| 000 0 ara d
017 _a1995 / 3470 (v.1)
_a1995 / 3471 (v.2)
_a1995 / 3699 (v.3)
_a1995 / 3394 (v.4)
_bدار الكتب والوثائق القومية(مصر)
020 _a9770249122 (v.1)
020 _a9770249130 (v.2)
020 _a9770249165 (v.3)
020 _a9770249092 (v.4)
040 _aEG-GiCUC
_bara
_cEG-GiCUC
_dEG-GiCUC
_erda
082 0 4 _221
_a415.1
_bH344
092 0 4 _221
_a415.1
_bH344
099 _a415.1 H344 1995
100 1 _aحسن، عباس
_eمؤلف.
245 1 2 _aالنحو الوافى :
_bمع ربطه بالأساليب الرفيعة، والحياة اللغوية المتجددة /
_cتأليف عباس حسن
250 _aالطبعة الثانية عشر
264 _aالقاهرة (مصر) :
_bدار المعارف،
_c1995.
300 _a؛ 4 مجلدات
_c24 سم
_bإيضاحيات، صور، مثيليات ؛ Illustrations
336 _2rdacontent
_atext
337 _2rdamedia
_aUnmediated
338 _2rdacarrier
_avolume
504 _aيشتمل على ارجاعات ببليوجرافية
541 _aد. جابر عصفور ؛
_bالقاهرة ؛
_cإهداء ؛
_d2024..
650 1 7 _aاللغة العربية
_xالنحو
_2qrmak
651 1 _2qrmak
905 _aHuda
942 _2ddc
_cBK
_e21
_n0
999 _c178782
_d178782